• 首页
  • 本馆介绍
  • 公告通知
  • 最新文献
  • 馆藏检索
  • 电子资源
  • 读者导购
  • 参考咨询
  • 我的图书馆
  • 登录
  • 详细信息显示
  • 放入我的书架
  • 预约/预借图书
  • 作者相关作品
  • 分类相关作品
  • 丛书相关作品
  • 出版社相关作品

书目信息

  • 表格格式
  • 工作单格式
  • 卡片格式
题名:
数码摄影轻松学
    
 
作者: 格劳特 , 格劳特 著 ;徐恺 译
分册:  
出版信息: 北京   清华大学出版社  2006
页数: 324页
开本: 26cm
丛书名:
单 册:
中图分类: TB86
科图分类:
主题词: 数码照相机--摄影设计
电子资源:
ISBN: 7-302-13285-2
000 01109nam0 2200265 450
000 01115nam0 2200265 450
000 01048nam0 2200241 450
000 01011nam0 2200229 450
005 20070602100340.39
010    @a7-302-13285-2@dCNY39.80
100    @a20010611d2006 am y0chiy0120 eb
101 1  @achi@ceng
102    @aCN@b110000
105    @aa z 000yy
200 1  @a数码摄影轻松学@AShu Ma She Ying Qing Song Xue@b专著@f(美)格劳特(Grotta,D.),(美)格劳特(Grotta,S.W.)著@F( Mei ) Ge Lao Te (Grotta,D.),( Mei ) Ge Lao Te (Grotta,S.W.) Zhu@g徐恺译
210    @a北京@c清华大学出版社@d2006
215    @a324页@c图@d26cm
330    @a本书不仅仅是阐述各方面的知识和技巧,更重要的是让这些东西变成人的本能。本书详细介绍各种技术知识,不过会更偏重于让您了解每项技术的动作原理,以便您能够在不同情况下正确选择相应的相机设置,并采取合理的构图方式。
606 0  @a数码照相机@x摄影设计
690    @aTB86@v4
701  1 @a格劳特@AGe Lao Te@g(Grotta,S.W.)@c(美)@4著
701  1 @a格劳特@AGe Lao Te@g(Grotta,D.)@c(美)@4著
702  0 @a徐恺@AXu Kai@4译
801  0 @aCN@bTAOJIN@c20070602
905    @a10447@dTB86@e132
    
    数码摄影轻松学/(美)格劳特(Grotta,D.),(美)格劳特(Grotta,S.W.)著/徐恺译.-北京:清华大学出版社,2006
    324页:图;26cm
    
    
    ISBN 7-302-13285-2:CNY39.80
    本书不仅仅是阐述各方面的知识和技巧,更重要的是让这些东西变成人的本能。本书详细介绍各种技术知识,不过会更偏重于让您了解每项技术的动作原理,以便您能够在不同情况下正确选择相应的相机设置,并采取合理的构图方式。
●
相关链接 在E读中查询图书 在五车中查询图书 在当当中查询图书 在豆瓣中查询图书


正题名:数码摄影轻松学     索取号:TB86/132         预约/预借

序号 登录号 条形码 馆藏地/架位号 状态 备注
1 0524435   205244350   第二样本阅览室/ [索取号:TB86/132] 在馆    
2 0524436   205244369   第三借阅区/ [索取号:TB86/132] 在馆    
3 0524437   205244378   密集书库/ [索取号:TB86/132] 在馆    
4 0524438   205244387   第三借阅区/ [索取号:TB86/132] 在馆    
5 0524439   205244396   第三借阅区/ [索取号:TB86/132] 在馆    
6 0524440   205244403   第三借阅区/ [索取号:TB86/132] 在馆    
7 0524441   205244412   密集书库/ [索取号:TB86/132] 在馆    
8 0524442   205244421   密集书库/ [索取号:TB86/132] 在馆    
唐山师范学院图书馆 欢迎您!
大连网信软件有限公司© 版权所有